60 popularnych bajek dla dzieci - Statystyki

Ogólne statystyki
  • Ten quiz został rozwiązany 1 726 razy
  • Średni wynik to 10 z 60
Statystyki odpowiedzi
Hint Odpowiedź % Poprawnych
S Smerfy
59%
R Reksio
55%
B Bolek i Lolek
53%
G Gumisie
47%
M Miś Uszatek
44%
N Nowe przygody Kubusia Puchatka
41%
M Muminki
40%
K Krecik
37%
T Tabaluga
35%
S Scooby Doo, gdzie jesteś?
28%
A Atomówki
27%
Ś Świnka Peppa
26%
T Tom i Jerry
26%
P Pszczółka Maja
24%
S Sąsiedzi
23%
Z Zaczarowany ołówek
23%
F Flinstonowie
22%
K Kacze opowieści
22%
R Rozbójnik Rumcajs
22%
P Przygody kota Filemona
21%
P Pokemon
20%
W Wilk i zając
20%
D Dziwne przygody Koziołka Matołka
18%
B Bob Budowniczy
16%
S Strażak Sam
16%
L Listonosz Pat
15%
Z Zwariowane melodie
15%
B Bracia Koala
14%
E Ed, Edd i Eddy
13%
J Jetsonowie
12%
L Laboratorium Dextera
12%
P Porwanie Baltazara Gąbki
12%
M Miś Yogi
11%
P Pingwiny z Madagaskaru
11%
C Chojrak tchórzliwy pies
10%
K Krowa i Kurczak
10%
M Mała Syrenka
10%
P Pinokio
10%
P Pomysłowy Dobromir
10%
G Garfield i przyjaciele
9%
W Witaj, Franklin
8%
J Johny Bravo
7%
J Jam Łasica
6%
N Noddy
6%
C Chip i Dale
5%
C Czarodziejka z księżyca
5%
P Przygody misia Colargola
5%
K Kasztaniaki
4%
K Król Maciuś Pierwszy
4%
P Pingu
4%
R Różowa pantera i przyjaciele
4%
F Fraglesy
3%
K Kocia Ferajna
3%
M Makowa panienka
3%
R Różne przygody Gąski Balbinki
3%
T Timon i Pumba
3%
K Kulfon, co z Ciebie wyrośnie?
2%
M Mapeciątka
2%
M Marcelino, chleb i wino
2%
P Pies Huckleberry
1%
Nie znaleziono quizów pasujących do podanych kryteriów
Rozkład punktacji
Procent ludzi z każdym wynikiem
Percentyl według liczby udzielonych odpowiedzi
Twoja historia wyników
Nie rozwiązałeś tego quizu